Die bevölkerungsreichsten Landkreise pro Bundesland - Statistiken

Allgemein
  • Dieses Quiz wurde 149 mal gespielt
  • Das Durchschnittsergebnis liegt bei 12 aus 39
Antwortstatistiken
BL Landkreis Einwohner % Korrekt
BB Potsdam-Mittelmark 219.521
63%
NI Region Hannover 1.157.541
63%
RP Mainz-Bingen 212.420
50%
BY München 349.837
50%
MV Vorpommern-Rügen 225.900
45%
SL RV Saarbrücken 327.284
43%
RP Mayen-Koblenz 215.446
42%
MV Vorpommern-Greifswald 235.451
41%
BY Augsburg 257.790
38%
MV Mecklenburgische Seenplatte 257.525
38%
BW Esslingen 533.388
36%
SN Mittelsachsen 299.329
34%
NW Städteregion Aachen 556.673
33%
NI Osnabrück 361.550
31%
SN Zwickau 309.621
31%
SL Saarlouis 193.661
30%
SL Saarpfalz-Kreis 140.960
29%
HE Offenbach 357.466
28%
NW Recklinghausen 612.801
28%
BW Rhein-Neckar-Kreis 549.030
27%
SH Pinneberg 318.326
26%
TH Wartburgkreis 158.900
26%
ST Harz 209.117
25%
BW Ludwigsburg 544.679
25%
BB Oberhavel 215.795
25%
SH Rendsburg-Eckernförde 276.053
25%
SN Erzgebirgskreis 328.695
24%
HE Main-Kinzig-Kreis 423.465
24%
SH Segeberg 280.400
24%
ST Saalekreis 182.814
23%
NW Rhein-Sieg-Kreis 600.732
22%
NI Emsland 331.397
21%
TH Gotha 133.825
21%
ST Salzlandkreis 185.495
20%
TH Schmalkalden-Meiningen 123.404
20%
BY Rosenheim 263.367
17%
HE Wetteraukreis 311.661
17%
BB Märkisch-Oderland 197.965
16%
RP Westerwaldkreis 203.831
9%
Keine übereinstimmenden Quizze gefunden
Verteilung der Resultate
Anzahl Personen mit jedem Resultat
Perzentil nach korrekt beantworteten Fragen
Ihre Resultats-Entwicklung
Sie haben dieses Quiz noch nicht gespielt